000 00294nam a2200121Ia 4500
008 190216s9999||||xx |||||||||||||| ||und||
100 _aAlexandre Dumas
245 4 _aThe Count Of Monte Cristo
260 _bS Chand & Co
_c1990
300 _a130
650 _aEnglish Short Stories
942 _cBK
999 _c13482
_d13482